Logo CIB grande

Al encuentro de la fragua de vulcano (Registro nro. 233224)

Detalles MARC
000 -LEADER
campo de control de longitud fija 00703nam a2200253Ia 4500
005 - FECHA Y HORA DE LA ÚLTIMA TRANSACCIÓN
campo de control 20250425162629.0
008 - DATOS DE LONGITUD FIJA--INFORMACIÓN GENERAL
campo de control de longitud fija 250425s9999 xx 000 0 und d
020 ## - NÚMERO INTERNACIONAL ESTÁNDAR DEL LIBRO
Número Internacional Estándar del Libro 9789942113948
041 ## - CÓDIGO DE IDIOMA
Código de lengua del texto/banda sonora o título independiente spa
082 ## - NÚMERO DE LA CLASIFICACIÓN DECIMAL DEWEY
Número de clasificación 986.605
Iniciales del Autor BON
010 ## - NÚMERO DE CONTROL DE LA BIBLIOTECA DEL CONGRESO
Número de control de LC 91456
100 ## - ENTRADA PRINCIPAL--NOMBRE DE PERSONA
Nombre de persona Bonfanti Habze, Enrico
245 #0 - MENCIÓN DEL TÍTULO
Título Al encuentro de la fragua de vulcano
Mención de responsabilidad, etc. Enrico, Bonfanti Habze
250 ## - MENCION DE EDICION
Mención de edición Primera edición
260 ## - PUBLICACIÓN, DISTRIBUCIÓN, ETC.
Lugar de publicación, distribución, etc. Ecuador
Nombre del editor, distribuidor, etc. Municipio de Guayaquil
Fecha de publicación, distribución, etc. 2012
300 ## - DESCRIPCIÓN FÍSICA
Extensión 192 página
Otras características físicas ilustración
Dimensiones 29 cm
500 ## - NOTA GENERAL
Nota general Incluye indice
504 ## - NOTA DE BIBLIOGRAFÍA, ETC.
Nota de bibliografía, etc. Nota bibliografía
650 ## - PUNTO DE ACCESO ADICIONAL DE MATERIA--TÉRMINO DE MATERIA
Término de materia o nombre geográfico como elemento de entrada Guayaquil - Historia
650 ## - PUNTO DE ACCESO ADICIONAL DE MATERIA--TÉRMINO DE MATERIA
Término de materia o nombre geográfico como elemento de entrada Independencia
650 ## - PUNTO DE ACCESO ADICIONAL DE MATERIA--TÉRMINO DE MATERIA
Término de materia o nombre geográfico como elemento de entrada Origen
902 ## - ELEMENTOS DE DATOS B LOCAL, LDB (RLIN)
a Monográfico
c Impresión
942 ## - ELEMENTOS DE ENTRADA SECUNDARIOS (KOHA)
Tipo de ítem Koha Libros
Existencias
Estatus retirado Estado de pérdida Estado de daño No para préstamo Biblioteca de origen Biblioteca actual Fecha de adquisición Coste, precio normal de compra Etiqueta RFID Total de préstamos Código de barras Copia número Tipo de ítem Koha Nota pública
        CENTRO DE INFORMACIÓN BIBLIOTECARIA CENTRO DE INFORMACIÓN BIBLIOTECARIA 05/08/2014 50.00 0000000000000000036844   D-64976 1 Libros ESPOL. FIMCBOR: TURISMO

Copyright 2025 ESPOL. Todos los derechos reservados.